| 000 | 02318cam a22003614a 4500 | ||
|---|---|---|---|
| 001 | 13973242 | ||
| 003 | OSt | ||
| 005 | 20230627094151.0 | ||
| 008 | 050518s2006 nyuab b 001 0 eng | ||
| 010 | _a 2005014415 | ||
| 020 | _a9780393329827 | ||
| 035 | _a(OCoLC)ocm60557325 | ||
| 040 |
_cNIRUC _dNIRUC |
||
| 042 | _apcc | ||
| 043 | _an-us--- | ||
| 050 | 0 | 0 |
_aUB271.U5 _b. R53 2006 |
| 082 | 0 | 0 |
_a327.1/747 _222 |
| 100 | 1 |
_aRichelson, Jeffrey T. _eauthor. |
|
| 245 | 1 | 0 |
_aSpying on the bomb : _bAmerican nuclear intelligence from Nazi Germany to Iran and North Korea / _cauthor; Jeffrey T. Richelson. |
| 250 | _a1st ed. | ||
| 260 |
_aNew York : _bNorton, _c2006. |
||
| 300 |
_a734 p. : _bill., maps ; _c24 cm. |
||
| 504 | _aIncludes bibliographical references and index. | ||
| 520 | _aA global history of U.S. nuclear espionage from its World War II origins to today's threats from rogue states. Since 1952 the nuclear club has grown to at least eight nations, while others are making serious attempts to join. Each chapter chronologically focuses on the nuclear activities of one or more countries, intermingling what the United States believed was happening with accounts of what actually occurred in each country's laboratories, test sites, and decision-making councils. Intelligence scholar Richelson weaves recently declassified documents into his interviews with the scientists and spies involved in the nuclear espionage, revealing new information about U.S. intelligence work on the Soviet/Russian, French, Chinese, Indian, Israeli, and South African nuclear programs; on the attempts to solve the mysterious Vela Incident; and on current efforts to uncover nuclear secrets of Iran and North Korea. Includes spy satellite photographs never before extracted from the National Archives.--From publisher description. | ||
| 650 | 0 | _aEspionage, American. | |
| 650 | 0 | _aNuclear weapons information. | |
| 650 | 0 |
_aNuclear weapons _xResearch. |
|
| 650 | 0 |
_aNuclear arms control _zUnited States. |
|
| 856 | 4 | 1 |
_3Table of contents _uhttp://www.loc.gov/catdir/toc/ecip0513/2005014415.html |
| 906 |
_a7 _bcbc _corignew _d1 _eecip _f20 _gy-gencatlg |
||
| 942 |
_2lcc _cBK _n0 |
||
| 999 |
_c275 _d275 |
||